[Event "POLFINALY MISTRZOSTW POLSKI JUNIOROW 2021 D-15"]
[Site "Jatrzebia Gora"]
[Date "1899-12-30"]
[Round "4.2"]
[White "Lach, Alicja"]
[Black "Pieczewska, Jadwiga"]
[Result "1/2-1/2"]
[WhiteTitle "II+"]
[BlackTitle "II+"]
[WhiteElo "1319"]
[BlackElo "1185"]

1. e4 e6 2. d4 d5 3. exd5 exd5 4. Nf3 Nf6 5. c4 Be6 6. cxd5 Nxd5 7. a3 Be7 8. Nc3
Nxc3 9. bxc3 O-O 10. Bd3 c5 11. dxc5 Bxc5 12. O-O h6 13. Be4 Nc6 14. Qxd8 Rfxd8
15. Rb1 Rab8 16. Bf4 Bd6 17. Bxc6 bxc6 18. Rxb8 Bxb8 19. Be3 a6 20. Nd4 Bd5 21.
Rb1 Bd6 22. f3 Bxa3 23. Ra1 Bb2 24. Rxa6 Bxc3 25. Nxc6 Re8 26. Kf2 f5 27. Bc5
Bxc6 28. Rxc6 f4 29. Bd6 Be1+ 30. Kf1 Bd2 31. Rc2 Be3 32. Rc4 g5 33. Bb4 Ra8 1/2-1/2

[Event "POLFINALY MISTRZOSTW POLSKI JUNIOROW 2021 D-15"]
[Site "Jatrzebia Gora"]
[Date "1899-12-30"]
[Round "4.3"]
[White "Jureczko, Anna"]
[Black "Zalewska, Malgorzata"]
[Result "0-1"]
[WhiteTitle "II+"]
[BlackTitle "I"]
[WhiteElo "1162"]
[BlackElo "1296"]

1. e4 c5 2. c3 Nf6 3. e5 Nd5 4. d4 cxd4 5. cxd4 d6 6. Bb5+ Nc6 7. Qb3 e6 8. Bxc6+
bxc6 9. Nc3 Be7 10. Nf3 Ba6 11. Nxd5 exd5 12. Qc2 Qa5+ 13. Bd2 Qb5 14. Bc3 dxe5
15. Nxe5 f6 16. Nf3 O-O 17. O-O-O Rab8 18. Rhe1 Bb4 19. Re6 Bxc3 20. Qxc3 Qa4
21. a3 Rb6 22. Nh4 c5 23. Rxb6 axb6 24. Nf5 cxd4 25. Rxd4 Qd7 26. Qf3 Qc7+ 27.
Kd2 Rc8 28. Qxd5+ Kh8 29. Ne3 Qc1# 0-1

[Event "POLFINALY MISTRZOSTW POLSKI JUNIOROW 2021 D-15"]
[Site "Jatrzebia Gora"]
[Date "1899-12-30"]
[Round "4.4"]
[White "Kaznowska, Kinga"]
[Black "Walendykiewicz, Martyna"]
[Result "1/2-1/2"]
[WhiteTitle "I"]
[BlackTitle "I"]
[WhiteElo "1251"]
[BlackElo "1209"]

1. e4 e5 2. Nf3 Nf6 3. Nc3 Bb4 4. Nd5 Nxd5 5. exd5 d6 6. a3 Ba5 7. b4 Bb6 8. Bb2
a6 9. d3 O-O 10. Be2 Bf5 11. O-O Nd7 12. c4 Re8 13. Re1 Bg4 14. h3 Bxf3 15. Bxf3
Qh4 16. Qd2 Qf4 17. Qxf4 exf4 18. Kf1 Kf8 19. Rxe8+ Rxe8 20. Re1 Rxe1+ 21. Kxe1
f6 22. Bg4 Ke7 23. Bf5 h6 24. Bc1 a5 25. Bxf4 axb4 26. axb4 Bd4 27. Bxd7 Kxd7
28. b5 b6 29. Ke2 Ke7 30. Be3 Bc3 31. d4 Bb4 32. Kd3 f5 33. Kc2 Kf6 34. h4 Kg6
35. Kb3 Ba5 36. c5 Kf6 37. c6 Be1 38. Bf4 Ke7 39. Bg3 g5 40. hxg5 hxg5 41. Kc2
f4 42. Kd1 Bc3 43. Bh2 Bxd4 44. Ke2 Kf6 45. g3 fxg3 46. Bxg3 Be5 47. Kf3 Bxg3
48. Kxg3 Kf5 49. f3 Ke5 50. Kg4 Kxd5 51. Kxg5 Ke6 52. f4 d5 53. Kg6 Ke7 54. Kf5
Kd6 55. Kg6 Ke7 56. Kg7 Ke6 57. Kg6 Ke7 58. Kg7 1/2-1/2

[Event "POLFINALY MISTRZOSTW POLSKI JUNIOROW 2021 D-15"]
[Site "Jatrzebia Gora"]
[Date "1899-12-30"]
[Round "4.5"]
[White "Biniak, Zuzanna"]
[Black "Reszka, Barbara"]
[Result "1-0"]
[WhiteTitle "I"]
[BlackTitle "II+"]
[WhiteElo "1313"]
[BlackElo "1094"]

1. e4 c5 2. Nf3 a6 3. d3 Nf6 4. Nbd2 b5 5. c3 Bb7 6. g3 e6 7. Bg2 d6 8. O-O Be7
9. Ne1 Qc7 10. f4 O-O 11. Nc2 Nbd7 12. Ne3 Rad8 13. b3 Nb6 14. Bb2 d5 15. e5 Nfd7
16. Rc1 Qb8 17. Nf3 Rc8 18. Qe2 c4 19. d4 Rc7 20. f5 exf5 21. Nxf5 Re8 22. N3h4
Nf8 23. Nxe7+ Rcxe7 24. Ba3 Re6 25. Qf3 f6 26. Bh3 Rc6 27. Nf5 Qc7 28. Nd6 Rd8
29. bxc4 bxc4 30. Rb1 Nfd7 31. Be6+ Kh8 32. Nf7+ Kg8 33. Nxd8+ Kh8 34. Nxc6 Bxc6
35. Bxd7 Bxd7 36. Bd6 Qd8 37. exf6 gxf6 38. Rxb6 1-0

[Event "POLFINALY MISTRZOSTW POLSKI JUNIOROW 2021 D-15"]
[Site "Jatrzebia Gora"]
[Date "1899-12-30"]
[Round "4.6"]
[White "Romejko, Jagoda"]
[Black "Samol, Julia"]
[Result "0-1"]
[WhiteTitle "I"]
[BlackTitle "I"]
[WhiteElo "1341"]
[BlackElo "1206"]

1. e4 c5 2. Nf3 e6 3. d4 cxd4 4. Nxd4 Nc6 5. Nc3 a6 6. Be2 Qc7 7. Be3 Nf6 8. O-O
Be7 9. f4 d6 10. Kh1 b5 11. a3 Bb7 12. Bf3 O-O 13. Qe1 Rac8 14. Qg3 Kh8 15. Rad1
Na5 16. f5 e5 17. Nb3 Nc4 18. Bc1 Nxa3 19. Rf2 Nc4 20. h4 b4 21. Nd5 Nxd5 22.
exd5 Qd8 23. Qh3 Bxh4 24. g3 Bg5 25. Rh2 h6 26. Bxg5 Qxg5 27. Nd2 Nxd2 28. Rdxd2
Rc5 29. g4 Ra5 30. Qg2 Ra1+ 31. Bd1 Qe3 32. g5 Qe1+ 33. Qg1 Qxg1+ 34. Kxg1 Kh7
35. Kf2 Ra5 36. Bf3 Rc5 37. Be4 f6 38. gxh6 gxh6 39. Kf3 Rg8 40. Rh1 Rg5 41. Rdh2
h5 42. Rd2 Bc8 43. Ra1 a5 44. Re1 Bxf5 45. Rf1 Bxe4+ 46. Kxe4 Rc4+ 47. Ke3 Rg3+
48. Kf2 Rgg4 49. Ke1 Kg6 50. Kf2 Rcd4 51. Rfd1 Rdf4+ 52. Ke3 Rg3+ 53. Ke2 e4 54.
Rd4 f5 55. Rc4 Rg2+ 56. Ke1 Rg1+ 57. Ke2 Rxd1 58. Kxd1 Kf6 59. Rc8 h4 60. Rh8
Ke5 61. Kc1 Kxd5 62. Kd2 Rg4 63. b3 Kd4 64. Rh6 e3+ 65. Kd1 d5 66. Rh5 f4 67.
Ke2 Ke4 68. Rh8 f3+ 69. Kf1 e2+ 70. Kf2 Rg2+ 71. Ke1 Rg1+ 72. Kd2 e1=Q# 0-1

[Event "POLFINALY MISTRZOSTW POLSKI JUNIOROW 2021 D-15"]
[Site "Jatrzebia Gora"]
[Date "1899-12-30"]
[Round "4.7"]
[White "Olszewska, Wiktoria"]
[Black "Wiecek, Karolina"]
[Result "1-0"]
[WhiteTitle "I"]
[BlackTitle "I"]
[WhiteElo "1334"]
[BlackElo "1203"]

1. e4 c6 2. d4 d5 3. e5 Bf5 4. h4 e6 5. g4 Ne7 6. gxf5 Nxf5 7. Nf3 c5 8. Bd3 Ne7
9. dxc5 Nec6 10. Be3 Nd7 11. Bb5 Nxc5 12. Nd4 Qc7 13. Nc3 Be7 14. Qg4 g6 15. O-O-O
O-O-O 16. Bxc6 bxc6 17. Qf4 Rhf8 18. Nf3 h5 19. Qd4 Qb7 20. Na4 Nxa4 21. Qxa4
a6 22. Nd4 Kc7 23. Rd3 Rc8 24. Nxc6 1-0

[Event "POLFINALY MISTRZOSTW POLSKI JUNIOROW 2021 D-15"]
[Site "Jatrzebia Gora"]
[Date "1899-12-30"]
[Round "4.8"]
[White "Bauer, Marika"]
[Black "Gac-mytych, Sara"]
[Result "0-1"]
[WhiteTitle "II"]
[BlackTitle "II"]
[WhiteElo "1226"]
[BlackElo "1184"]

1. e4 c6 2. d4 d5 3. Nc3 dxe4 4. Nxe4 Nd7 5. Bc4 Ngf6 6. Ng5 e6 7. Qe2 Nb6 8. N1f3
h6 9. Nh3 c5 10. Be3 Qc7 11. Bf4 Bd6 12. Bxd6 Qxd6 13. Bb5+ Bd7 14. Bxd7+ Nbxd7
15. Qd3 O-O 16. dxc5 Qxd3 17. cxd3 Nxc5 18. Ne5 Rfd8 19. Ke2 Rd5 20. f4 Rad8 21.
Rhd1 g5 22. g3 Nh7 23. Rac1 f6 24. Ng4 h5 25. Ngf2 g4 26. Ng1 f5 27. b4 Na6 28.
Rc4 Nf8 29. h3 b5 30. Rc3 Nxb4 31. a3 Na6 32. Ke3 b4 33. axb4 Nxb4 34. Rb1 Rb5
35. Kd2 Rdb8 36. Rc4 Nd5 37. Rxb5 Rxb5 38. Ne2 Rb2+ 39. Rc2 Rxc2+ 40. Kxc2 Kf7
41. h4 Ke7 42. Kb3 Kd6 43. Kc4 a6 44. Nd1 Nd7 45. d4 N7b6+ 46. Kb3 Kc6 47. Nf2
Kb5 48. Nd3 a5 49. Ne5 a4+ 50. Ka3 Nc4+ 51. Nxc4 Kxc4 52. Kxa4 Nc3+ 53. Nxc3 Kxc3
54. Kb5 Kxd4 55. Kc6 e5 56. fxe5 Kxe5 57. Kd7 f4 58. gxf4+ Kxf4 59. Ke6 g3 60.
Kf6 g2 61. Kg6 Kg4 62. Kh6 g1=Q 63. Kh7 Qb6 64. Kh8 Qc7 65. Kg8 Kf5 66. Kh8 Kg6
67. Kg8 Qg7# 0-1

[Event "POLFINALY MISTRZOSTW POLSKI JUNIOROW 2021 D-15"]
[Site "Jatrzebia Gora"]
[Date "1899-12-30"]
[Round "5.1"]
[White "Kicinska, Magdalena"]
[Black "Pieczewska, Jadwiga"]
[Result "1-0"]
[WhiteTitle "I+"]
[BlackTitle "II+"]
[WhiteElo "1362"]
[BlackElo "1185"]

1. d4 d5 2. Nf3 Nf6 3. Bg5 e6 4. e3 c5 5. c3 Nc6 6. Bd3 h6 7. Bh4 Qb6 8. Qc2 Bd7
9. Nbd2 Rc8 10. a3 cxd4 11. exd4 Be7 12. Rb1 a5 13. Qd1 Qc7 14. O-O g5 15. Bg3
Bd6 16. Bxd6 Qxd6 17. Re1 g4 18. Ne5 h5 19. f3 Rg8 20. fxg4 Nxg4 21. Ndf3 Ncxe5
22. Nxe5 Nxe5 23. Rxe5 h4 24. Qh5 Qe7 25. Rbe1 Kd8 26. Bf1 Qf6 27. h3 b5 28. R1e3
Rg3 29. Re2 Be8 30. Rf2 Qe7 31. Qh8 b4 32. cxb4 axb4 33. axb4 Rb3 34. Bb5 Rxb4
35. Bxe8 Qxe8 36. Qxh4+ Qe7 37. Qf4 Rc7 38. Rh5 f5 39. Qe5 Kd7 40. Re2 Rc1+ 41.
Kf2 Rb6 42. Rxf5 Qh4+ 43. g3 Qxh3 44. Qg7+ Kd6 45. Qf8+ Kc6 46. Rxe6+ Kb5 47.
Rxd5+ Kc4 48. Qc5+ Kd3 49. Re3+ Kd2 50. Qa5+ Kc2 51. Rc5+ Kb1 52. Rxc1+ Kxc1 53.
Qc3+ Kb1 54. Re1+ Ka2 55. Qa3# 1-0

[Event "POLFINALY MISTRZOSTW POLSKI JUNIOROW 2021 D-15"]
[Site "Jatrzebia Gora"]
[Date "1899-12-30"]
[Round "5.2"]
[White "Zalewska, Malgorzata"]
[Black "Lach, Alicja"]
[Result "0-1"]
[WhiteTitle "I"]
[BlackTitle "II+"]
[WhiteElo "1296"]
[BlackElo "1319"]

1. e4 c5 2. Nf3 Nc6 3. Bb5 g6 4. O-O Bg7 5. Re1 Nf6 6. e5 Nd5 7. Bxc6 dxc6 8. d3
O-O 9. Nbd2 Bg4 10. h3 Be6 11. Ne4 b6 12. Neg5 Qd7 13. Nxe6 Qxe6 14. Bg5 b5 15.
Qd2 Rfd8 16. Bh6 Nb6 17. Bxg7 Kxg7 18. Re4 Rd5 19. Rh4 h5 20. Qf4 Nd7 21. Re1
Rh8 22. g4 f6 23. exf6+ Qxf6 24. Qxf6+ Nxf6 25. Rxe7+ Kf8 26. Re5 Rxe5 27. Nxe5
g5 28. Rxh5 Nxh5 29. Ng6+ Kg7 30. Nxh8 Nf4 31. Kh2 Kxh8 32. Kg3 Kg7 33. h4 Ne2+
34. Kh3 Nf4+ 35. Kg3 Ne2+ 36. Kh3 gxh4 37. Kxh4 Kg6 38. g5 Nd4 39. f4 Nxc2 40.
a3 Nd4 41. Kg4 a6 42. Kh4 Kf5 43. Kh5 Ne6 44. g6 Nxf4+ 45. Kh6 Nxg6 0-1

[Event "POLFINALY MISTRZOSTW POLSKI JUNIOROW 2021 D-15"]
[Site "Jatrzebia Gora"]
[Date "1899-12-30"]
[Round "5.3"]
[White "Kaznowska, Kinga"]
[Black "Bialek, Alicja"]
[Result "1/2-1/2"]
[WhiteTitle "I"]
[BlackTitle "I"]
[WhiteElo "1251"]
[BlackElo "1350"]

1. e4 c5 2. Nf3 a6 3. g3 Nc6 4. Bg2 b5 5. d4 cxd4 6. Nxd4 Bb7 7. c3 g6 8. Be3 Bg7
9. O-O Qc7 10. a3 Nf6 11. Nd2 h5 12. h3 Rd8 13. N2b3 Ne5 14. Qc2 Nc4 15. Rfe1
Nxe3 16. Rxe3 Bh6 17. Ree1 O-O 18. a4 bxa4 19. Rxa4 d6 20. e5 dxe5 21. Bxb7 exd4
22. Bxa6 e5 23. Bd3 dxc3 24. Rc4 Qd7 25. Rxc3 Qxh3 26. Bf1 Qe6 27. Rc6 Rd6 28.
Rc5 e4 29. Bg2 Rb8 30. Rc3 Qg4 31. Qe2 Qxe2 32. Rxe2 Rdb6 33. Nc5 Rxb2 34. Rxb2
Rxb2 35. Nxe4 Rb1+ 36. Kh2 Ng4+ 37. Kh3 Rb2 38. Rf3 f5 39. Nc3 Ne5 40. Na4 Ra2
41. Rxf5 gxf5 42. Bd5+ Kg7 43. Bxa2 Kg6 44. Bb1 Bf8 45. Nc3 Ng4 46. Nd1 Bc5 47.
Kg2 Bd4 48. Kf3 Kg5 49. Ne3 1/2-1/2

[Event "POLFINALY MISTRZOSTW POLSKI JUNIOROW 2021 D-15"]
[Site "Jatrzebia Gora"]
[Date "1899-12-30"]
[Round "5.4"]
[White "Walendykiewicz, Martyna"]
[Black "Olszewska, Wiktoria"]
[Result "1/2-1/2"]
[WhiteTitle "I"]
[BlackTitle "I"]
[WhiteElo "1209"]
[BlackElo "1334"]

1. d4 Nf6 2. Nf3 g6 3. Bg5 Bg7 4. Nc3 O-O 5. Qd2 d6 6. Bh6 Re8 7. Bxg7 Kxg7 8.
Ng5 Nc6 9. e3 e5 10. dxe5 dxe5 11. Qxd8 Rxd8 12. Bc4 Rd7 13. a3 h6 14. Nf3 Re7
15. O-O Bf5 16. Rac1 a6 17. Nh4 Be6 18. Bxe6 Rxe6 19. Rcd1 e4 20. g3 Ne5 21. Nd5
Nxd5 22. Rxd5 Nc4 23. Rc5 Rc6 24. Rxc6 bxc6 25. Rd1 Rb8 26. Rd4 Nd6 27. b3 c5
28. Ra4 c4 29. b4 Rb6 30. Ng2 g5 31. h4 Nb5 32. hxg5 hxg5 33. Ne1 Rf6 34. Ra5
Kg6 35. Kg2 Rd6 36. Kf1 Rf6 37. a4 Na3 38. Re5 Re6 39. Rc5 Rb6 40. c3 Rb7 41.
Rc6+ Kf5 42. Rxa6 Nb1 43. Rc6 Nxc3 44. Rxc4 Nxa4 45. Nc2 Ke5 46. Kg2 Nb6 47. Rc5+
Nd5 48. b5 f6 49. g4 Kd6 50. Rc6+ Ke5 51. Rc5 Kd6 1/2-1/2

[Event "POLFINALY MISTRZOSTW POLSKI JUNIOROW 2021 D-15"]
[Site "Jatrzebia Gora"]
[Date "1899-12-30"]
[Round "5.5"]
[White "Samol, Julia"]
[Black "Biniak, Zuzanna"]
[Result "1/2-1/2"]
[WhiteTitle "I"]
[BlackTitle "I"]
[WhiteElo "1206"]
[BlackElo "1313"]

1. e4 c5 2. Nf3 d6 3. d4 cxd4 4. Nxd4 Nf6 5. Nc3 g6 6. Be3 Bg7 7. f3 Nc6 8. Qd2
h5 9. O-O-O Bd7 10. Be2 a6 11. h3 b5 12. Rdg1 b4 13. Nd1 Nxd4 14. Bxd4 Qa5 15.
Kb1 Be6 16. b3 h4 17. Nb2 Rb8 18. g4 hxg3 19. Rxg3 Nh5 20. Rg5 Qc7 21. Bxg7 Nxg7
22. Qd4 Rh5 23. Rxh5 Nxh5 24. Nd3 Qb6 25. Qxb6 Rxb6 26. h4 Ng3 27. Re1 Nxe2 28.
Rxe2 a5 29. Nf4 Kd7 30. h5 gxh5 31. Nxh5 Rb5 32. Nf4 Rg5 33. Kb2 Rg3 1/2-1/2

[Event "POLFINALY MISTRZOSTW POLSKI JUNIOROW 2021 D-15"]
[Site "Jatrzebia Gora"]
[Date "1899-12-30"]
[Round "5.6"]
[White "Reszka, Barbara"]
[Black "Jureczko, Anna"]
[Result "1/2-1/2"]
[WhiteTitle "II+"]
[BlackTitle "II+"]
[WhiteElo "1094"]
[BlackElo "1162"]

1. e4 d5 2. exd5 Qxd5 3. Nc3 Qa5 4. d4 c6 5. Bf4 Bf5 6. g4 Bg6 7. h4 h6 8. a3 e6
9. Nf3 Nd7 10. Qe2 Ngf6 11. O-O-O Bxa3 12. Nb1 Be7 13. Ne5 Nxe5 14. Bxe5 O-O 15.
g5 Bh5 16. f3 Nd7 17. gxh6 Nxe5 18. dxe5 gxh6 19. Rg1+ Kh7 20. Qe4+ Bg6 21. Rxg6
fxg6 22. Rd7 Rf7 23. Bd3 Bg5+ 24. hxg5 Rxd7 25. Qxg6+ Kh8 26. Qxh6+ Kg8 27. Qxe6+
Kf8 28. Qf6+ Rf7 29. Qd6+ Re7 30. Qf6+ Rf7 31. Qd6+ Re7 32. Qf6+ 1/2-1/2

[Event "POLFINALY MISTRZOSTW POLSKI JUNIOROW 2021 D-15"]
[Site "Jatrzebia Gora"]
[Date "1899-12-30"]
[Round "5.7"]
[White "Gac-mytych, Sara"]
[Black "Romejko, Jagoda"]
[Result "1-0"]
[WhiteTitle "II"]
[BlackTitle "I"]
[WhiteElo "1184"]
[BlackElo "1341"]

1. e4 e5 2. Nf3 Nc6 3. Bc4 Nf6 4. Ng5 d5 5. exd5 Na5 6. Bb5+ c6 7. dxc6 bxc6 8.
Bd3 h6 9. Ne4 Be7 10. Nbc3 Be6 11. b3 O-O 12. Bb2 Nxe4 13. Nxe4 f5 14. Nc3 Bf6
15. Be2 Qd7 16. d3 c5 17. Na4 Rac8 18. Qd2 Qc7 19. Rd1 Nb7 20. Bf3 Rfe8 21. O-O
Nd8 22. Bh5 Bf7 23. Bxf7+ Qxf7 24. Qe2 Qg6 25. Rde1 Nf7 26. Qe3 Bg5 27. Qg3 Qf6
28. Qf3 Qe6 29. Qb7 Re7 30. Qb5 Nd6 31. Qa5 Nb7 32. Qxa7 e4 33. dxe4 fxe4 34.
Qb6 Rc6 35. Qb5 e3 36. f4 e2 37. Rf3 Rd6 38. Kf2 Bxf4 39. Qc4 Bg3+ 40. hxg3 Rf7
41. Qxe6 Rxe6 42. Rxe2 Rd6 43. Rxf7 Kxf7 44. Ke1 Rg6 45. Re3 Rg5 46. Kd2 Rh5 47.
Ba3 Rh2 48. Re2 Rh5 49. Kc3 Rd5 50. Kc4 Rd4+ 51. Kb5 Kg6 52. Nxc5 Nxc5 53. Bxc5
Rd1 54. a4 Kf5 55. a5 Kg4 56. a6 Kxg3 57. a7 Ra1 58. Re7 g5 59. Re8 Kxg2 60. a8=Q+
Rxa8 61. Rxa8 h5 62. Rg8 g4 63. Bd6 Kf3 64. c4 h4 65. c5 h3 66. c6 Kg2 67. Rxg4+
Kh1 68. Rh4 Kg2 69. Rxh3 1-0

[Event "POLFINALY MISTRZOSTW POLSKI JUNIOROW 2021 D-15"]
[Site "Jatrzebia Gora"]
[Date "1899-12-30"]
[Round "5.8"]
[White "Zybrant, Sandra"]
[Black "Grembocka, Zuzanna"]
[Result "1-0"]
[WhiteTitle "I"]
[BlackTitle "II+"]
[WhiteElo "1239"]
[BlackElo "1186"]

1. Nf3 d5 2. d4 Nf6 3. e3 Bg4 4. c4 e6 5. a3 c5 6. dxc5 Bxc5 7. Nc3 Nc6 8. b4 Be7
9. cxd5 exd5 10. Be2 O-O 11. O-O Bd6 12. Bb2 Rc8 13. h3 Bf5 14. Rc1 Ne7 15. Nd4
Bg6 16. Nf3 Re8 17. Qb3 Nf5 18. Nxd5 Bh2+ 19. Kxh2 Nxd5 20. Rxc8 Qxc8 21. Qxd5
Rd8 22. Qc4 Qxc4 23. Bxc4 Nd6 24. Bb3 Ne4 25. Kg1 Kf8 26. Rd1 Rc8 27. Nh4 f6 28.
Nxg6+ hxg6 29. Kf1 Ke7 30. Bd5 Rc2 31. Bxe4 Rxb2 32. Bxb7 a5 33. Rd4 Rb3 34. Be4
Rxa3 35. bxa5 Rxa5 36. Bxg6 1-0

[Event "POLFINALY MISTRZOSTW POLSKI JUNIOROW 2021 D-15"]
[Site "Jatrzebia Gora"]
[Date "1899-12-30"]
[Round "5.10"]
[White "Markowska, Kalina"]
[Black "Bauer, Marika"]
[Result "0-1"]
[WhiteTitle "II"]
[BlackTitle "II"]
[WhiteElo "1028"]
[BlackElo "1226"]

1. e4 e5 2. Nf3 Nc6 3. Bb5 a6 4. Ba4 b5 5. Bb3 Bc5 6. Nxe5 Nxe5 7. d4 Qh4 8. dxc5
Qxe4+ 9. Qe2 Qxe2+ 10. Kxe2 Ng6 11. Re1 N8e7 12. Kf1 O-O 13. Bg5 Nc6 14. Nc3 Nd4
15. Bd5 c6 16. Be4 Ne6 17. Be3 Ne5 18. b4 Ng4 19. Kg1 Nxe3 20. Rxe3 a5 21. Nxb5
Rb8 22. Nd6 axb4 23. Nxc8 Rfxc8 24. a4 Nxc5 25. a5 Ra8 26. Bf5 g6 27. Bh3 Re8
28. Rxe8+ Rxe8 29. Kf1 f5 30. a6 Ra8 31. a7 Ne6 32. g3 Nc7 33. Ke2 Nb5 34. Kd3
Rxa7 35. Rxa7 Nxa7 36. Kc4 Kf7 37. Kxb4 Ke6 38. Bg2 Nb5 39. Kc5 Nc7 40. Bf3 Ne8
41. Bg2 Nf6 42. h3 h5 43. Bf3 Ke5 44. c4 g5 45. h4 gxh4 46. gxh4 Ng4 47. Bxg4
fxg4 48. Kb6 Kf4 49. Kc5 Kf3 0-1

[Event "POLFINALY MISTRZOSTW POLSKI JUNIOROW 2021 D-15"]
[Site "Jatrzebia Gora"]
[Date "1899-12-30"]
[Round "6.1"]
[White "Olszewska, Wiktoria"]
[Black "Kicinska, Magdalena"]
[Result "0-1"]
[WhiteTitle "I"]
[BlackTitle "I+"]
[WhiteElo "1334"]
[BlackElo "1362"]

1. e4 c6 2. d3 d5 3. Nd2 e5 4. Ngf3 Bd6 5. Be2 Nf6 6. O-O Bg4 7. a4 Nbd7 8. h3
Bh5 9. b3 Bg6 10. exd5 cxd5 11. Bb2 Rc8 12. Nh4 Bb8 13. Nxg6 hxg6 14. d4 e4 15.
Ba3 Qc7 16. f4 g5 17. c4 Qb6 18. Nb1 gxf4 19. Re1 Qc7 20. Bf3 Kd8 21. cxd5 Nxd5
22. Rxe4 N7f6 23. Re5 Ne3 24. Qd3 a6 25. Nd2 Qc2 26. Qxc2 Nxc2 27. Re2 Nxa1 0-1

[Event "POLFINALY MISTRZOSTW POLSKI JUNIOROW 2021 D-15"]
[Site "Jatrzebia Gora"]
[Date "1899-12-30"]
[Round "6.2"]
[White "Lach, Alicja"]
[Black "Kaznowska, Kinga"]
[Result "0-1"]
[WhiteTitle "II+"]
[BlackTitle "I"]
[WhiteElo "1319"]
[BlackElo "1251"]

1. e4 e5 2. Nf3 Nc6 3. d4 exd4 4. Nxd4 Qh4 5. Nc3 Bb4 6. Ndb5 Qxe4+ 7. Be2 Bxc3+
8. bxc3 Kd8 9. O-O Nf6 10. Re1 Qd5 11. Nd4 Nxd4 12. cxd4 Re8 13. c4 Qe6 14. Ba3
d6 15. Qd2 Qd7 16. d5 b6 17. Qg5 Rg8 18. Bb2 Qf5 19. Qh4 h6 20. f4 Bd7 21. Bd3
Qxd3 22. Bxf6+ gxf6 23. Qxf6+ Kc8 24. Qxf7 Qg6 25. Qxg6 Rxg6 26. Re7 Bh3 27. g3
Kb7 28. a4 Rag8 29. a5 R6g7 30. a6+ Kc8 31. Re3 Kd8 32. Rae1 Bc8 33. Re4 h5 34.
Kf2 Bd7 35. R4e3 Re8 36. Rxe8+ Bxe8 37. Re6 Re7 38. f5 Rxe6 39. dxe6 Ke7 40. Ke3
b5 0-1

[Event "POLFINALY MISTRZOSTW POLSKI JUNIOROW 2021 D-15"]
[Site "Jatrzebia Gora"]
[Date "1899-12-30"]
[Round "6.3"]
[White "Bialek, Alicja"]
[Black "Samol, Julia"]
[Result "1/2-1/2"]
[WhiteTitle "I"]
[BlackTitle "I"]
[WhiteElo "1350"]
[BlackElo "1206"]

1. e4 e5 2. Nc3 Nf6 3. g3 d5 4. exd5 Nxd5 5. Bg2 Nxc3 6. bxc3 Nc6 7. d3 Bc5 8.
Nf3 O-O 9. O-O f6 10. Be3 Bb6 11. d4 Qe8 12. d5 Ne7 13. Nd2 Nf5 14. Bxb6 axb6
15. Re1 Qd8 16. c4 Nd6 17. Qe2 Ra4 18. Qd3 Bf5 19. Qb3 Qa8 20. Ne4 Ra3 21. Nxd6
cxd6 22. Qxb6 Ra6 23. Qb2 Qa7 24. Re3 Ra8 25. a3 Ra5 26. Rb3 Bc8 27. Rb6 Rxa3
28. Rb1 Ra6 29. Qb5 Kf8 30. c5 Rxb6 31. cxb6 Qa6 1/2-1/2

[Event "POLFINALY MISTRZOSTW POLSKI JUNIOROW 2021 D-15"]
[Site "Jatrzebia Gora"]
[Date "1899-12-30"]
[Round "6.4"]
[White "Biniak, Zuzanna"]
[Black "Zalewska, Malgorzata"]
[Result "1/2-1/2"]
[WhiteTitle "I"]
[BlackTitle "I"]
[WhiteElo "1313"]
[BlackElo "1296"]

1. e4 c6 2. d4 d5 3. e5 g6 4. Bd3 Bg7 5. c3 f6 6. f4 e6 7. Nf3 Ne7 8. Na3 fxe5
9. fxe5 a6 10. Nc2 Nd7 11. O-O O-O 12. Ng5 Nb6 13. Qg4 Rxf1+ 14. Bxf1 Nf5 15.
Ne3 Qe7 16. Nxf5 exf5 17. Qf3 Be6 18. Nxe6 Qxe6 19. Be3 Nd7 20. b3 b5 21. Rc1
c5 22. Bf4 Rc8 23. c4 dxc4 24. d5 Qe8 25. e6 Ne5 26. Bxe5 Bxe5 27. bxc4 b4 28.
Qb3 a5 29. a4 Bd4+ 30. Kh1 Rd8 31. Bd3 Qe7 32. Bc2 Rd6 33. Qg3 Kh8 34. Rf1 Bf6
35. Qf3 Rd8 36. g4 h6 37. gxf5 g5 38. Qh5 Qg7 39. Qg6 Qxg6 40. fxg6 Kg7 41. Re1
Be7 42. Rf1 Rf8 43. Rf7+ Rxf7 44. exf7 Kf6 45. Kg2 Bd6 46. h3 Bf8 47. Kf3 Bd6
48. Kg4 Bf8 49. h4 gxh4 50. Kxh4 Bd6 51. Kg4 Bf8 52. Kh5 Kg7 53. Kg4 Kf6 54. Kf4
Bd6+ 55. Kg4 Bf8 1/2-1/2

[Event "POLFINALY MISTRZOSTW POLSKI JUNIOROW 2021 D-15"]
[Site "Jatrzebia Gora"]
[Date "1899-12-30"]
[Round "6.5"]
[White "Gac-mytych, Sara"]
[Black "Walendykiewicz, Martyna"]
[Result "1/2-1/2"]
[WhiteTitle "II"]
[BlackTitle "I"]
[WhiteElo "1184"]
[BlackElo "1209"]

1. e4 e5 2. Bc4 Nf6 3. d3 h6 4. Nf3 Nc6 5. Nc3 Bb4 6. Bd2 d6 7. Qe2 Qe7 8. a3 Bxc3
9. Bxc3 a6 10. h3 Be6 11. Bxe6 Qxe6 12. O-O-O O-O-O 13. Kb1 Rhe8 14. Nh4 Ne7 15.
Rhe1 g5 16. Nf3 Ng6 17. Qe3 Kb8 18. Rg1 Nd7 19. Rde1 Nf6 20. b3 Re7 21. Bb2 Rde8
22. Nd2 Qd7 23. f3 Qc6 24. d4 Qb6 25. Nc4 Qa7 26. d5 Qxe3 27. Nxe3 Ng8 28. Nf5
Rd7 29. g3 N6e7 30. Nxe7 Nxe7 31. Bc1 Ng6 32. Ref1 Rde7 33. Bd2 Rf8 34. a4 f5
35. h4 fxe4 36. fxe4 Rxf1+ 37. Rxf1 gxh4 38. gxh4 Nxh4 39. Bxh6 Re8 40. Rf8 Rxf8
41. Bxf8 Nf3 42. Bh6 Nh2 43. Bg5 Nf1 44. c4 Ng3 45. Kc2 Nxe4 46. Bh4 Nc5 47. Bf2
Nd7 48. Kd3 Kc8 49. b4 b6 50. Ke4 Kd8 51. Kf5 Ke7 52. Bh4+ Kf7 53. Bd8 Ke8 54.
Bxc7 Ke7 55. a5 bxa5 56. Bxa5 Nf6 57. Bb6 Nh5 58. Be3 Ng3+ 59. Kg4 Ne4 60. Kf5
Nc3 61. Bd2 Na4 62. Be3 Nc3 63. Bd2 Na4 64. c5 Kd7 65. cxd6 Kxd6 66. Ke4 Nb6 67.
b5 axb5 68. Bb4+ Kd7 69. Kxe5 Nxd5 70. Kxd5 1/2-1/2

[Event "POLFINALY MISTRZOSTW POLSKI JUNIOROW 2021 D-15"]
[Site "Jatrzebia Gora"]
[Date "1899-12-30"]
[Round "6.6"]
[White "Pieczewska, Jadwiga"]
[Black "Jureczko, Anna"]
[Result "1/2-1/2"]
[WhiteTitle "II+"]
[BlackTitle "II+"]
[WhiteElo "1185"]
[BlackElo "1162"]

1. c4 c5 2. Nc3 Nc6 3. Nf3 Nf6 4. g3 g6 5. Bg2 Bg7 6. O-O O-O 7. d4 cxd4 8. Nxd4
Nxd4 9. Qxd4 d6 10. Be3 Ng4 11. Qd2 Nxe3 12. Qxe3 Bxc3 13. Qxc3 Qc7 14. b3 Bd7
15. Rac1 Rac8 16. Rfe1 Bc6 17. e4 Bd7 18. e5 dxe5 19. Rxe5 e6 20. h4 Bc6 21. h5
Bxg2 22. Kxg2 Qc6+ 23. Qf3 Qxf3+ 24. Kxf3 Rfd8 25. hxg6 hxg6 26. Ke3 Rd7 27. Rc2
Rcd8 28. c5 Rc7 29. b4 Kf8 30. a3 Rcd7 31. Rc3 Rc7 32. f4 Ke7 33. g4 Rd1 34. Kf2
Rd4 35. Ke3 Rd1 36. Kf2 Rd4 1/2-1/2

[Event "POLFINALY MISTRZOSTW POLSKI JUNIOROW 2021 D-15"]
[Site "Jatrzebia Gora"]
[Date "1899-12-30"]
[Round "6.7"]
[White "Reszka, Barbara"]
[Black "Zybrant, Sandra"]
[Result "1-0"]
[WhiteTitle "II+"]
[BlackTitle "I"]
[WhiteElo "1094"]
[BlackElo "1239"]

1. e4 e5 2. Nf3 Nf6 3. d3 Nc6 4. Bg5 h6 5. Bh4 Be7 6. Nbd2 O-O 7. Nc4 d6 8. Be2
Be6 9. Ncd2 Qd7 10. O-O Rad8 11. Re1 d5 12. exd5 Nxd5 13. Bxe7 Ndxe7 14. Ne4 b6
15. h3 f5 16. Ng3 Ng6 17. a3 Qf7 18. Rf1 e4 19. Nd2 exd3 20. Bxd3 Nce5 21. Be2
Bc4 22. Qe1 Bxe2 23. Nxe2 f4 24. f3 Rfe8 25. Ne4 Nc4 26. Qc3 Ne3 27. Rfe1 Qc4
28. Qxc4+ Nxc4 29. b3 Ne3 30. Nxf4 Nxc2 31. Nxg6 Nxa1 32. Rxa1 Kf7 33. Nf4 g5
34. Ne2 Re6 35. Rc1 c6 36. Rc4 b5 37. Rd4 Rde8 38. N2g3 Kg6 39. Ne2 h5 40. Rd7
a5 41. Nd4 Rxe4 42. fxe4 Rxe4 43. Nxc6 a4 44. bxa4 Rxa4 45. Rd6+ Kf5 46. Nd4+
Ke5 47. Nxb5 Ra5 48. Rb6 Kd5 49. Nc3+ Kc5 50. Rb5+ Rxb5 51. Nxb5 Kxb5 52. Kf2
Ka4 53. Ke3 Kxa3 54. Ke4 Kb4 55. Kf5 g4 56. hxg4 hxg4 57. Kxg4 Kc5 58. Kf5 Kd6
59. Kf6 Kd7 60. Kf7 Kd6 61. g4 Ke5 62. g5 1-0

[Event "POLFINALY MISTRZOSTW POLSKI JUNIOROW 2021 D-15"]
[Site "Jatrzebia Gora"]
[Date "1899-12-30"]
[Round "6.11"]
[White "Grembocka, Zuzanna"]
[Black "Markowska, Kalina"]
[Result "1-0"]
[WhiteTitle "II+"]
[BlackTitle "II"]
[WhiteElo "1186"]
[BlackElo "1028"]

1. d4 d5 2. c4 e6 3. Nf3 Nf6 4. Nc3 Nbd7 5. e3 c6 6. Qc2 Be7 7. b3 Qc7 8. Bd3 O-O
9. O-O Bd6 10. c5 Be7 11. Bb2 e5 12. Nd2 e4 13. Be2 Ne8 14. f3 f5 15. fxe4 fxe4
16. Ncxe4 dxe4 17. Nxe4 Ndf6 18. Bc4+ Kh8 19. Ng5 Bd8 20. Rf4 h6 21. Qg6 hxg5
22. Qxg5 Nh7 23. Rxf8+ Nxf8 24. Qh5+ Nh7 25. Qxe8+ Nf8 26. Qxf8+ Kh7 27. Qg8+
Kh6 28. Qh8+ Kg6 29. Bd3+ Kg5 30. h4+ Kg4 31. Be2+ 1-0